MDQL
is popping MORE tags! Check the
thread
!
Quizzes
Events
Quiz Creation
Community
Videos
Private Events
Remove Ads
Sign In
Join for FREE
Feedback
Dark Mode
Quiz Categories
Sports
Geography
Music
Movies
Television
Just For Fun
Miscellaneous
History
Literature
Language
Science
Gaming
Entertainment
Religion
Holiday
For Kids
Quiz Lab
Recent
Popular Today
Quiz Kudos Today
Editor Picks
Curator Picks
Quizzes by...
Day
Popularity
Type
Ratings
Length
Year
Community
Subscriptions
Recent Discussions
Orange Saloon
Badges
Playlists
Quests
Create
Leaderboards
Showdown
Live 5
Trivia Bingo
Activity
Puzzle Library
Sporcle Events
Private Events
Virtual Trivia
Globe League
Become a Host
Pub Owners
SporcleCon
Opinionation
Our Games
Videos
Blog
Mobile Apps
Partnerships
Remove Ads and Go Orange
Feedback
Sports
Athletes
MLB
NBA
NHL
NFL
Soccer
Sports Teams
WWE
NCAA
Football
Premier League
Basketball
Baseball
Hockey
Golf
Tennis
Cricket
Rugby
Auto Racing
Olympics
World Cup
Sports
Athletes
MLB
NBA
NHL
NFL
Soccer
Sports Teams
WWE
NCAA
Football
Premier League
Basketball
Baseball
Hockey
Golf
Tennis
Cricket
Rugby
Auto Racing
Olympics
World Cup
Random Quiz
Search Sporcle
×
Quiz Lab
Quiz Lab
Sports
team
Type in answers that appear in a list
Type in answers that appear in a list
Classic
Best Score? Go Orange.
Relocated Sports Teams By Sport Stats
Can you name the Relocated Major American Sports Teams?
By
jishimsy
12m
38 Questions
246 Plays
246 Plays
246 Plays
Comments
Comments
Give Quiz Kudos
Give Quiz Kudos
-
- Ratings
hide this ad
Forced Order
Answers have to be entered in order
Answers have to be entered in order
Replay
Link that replays current quiz
Next Quiz
Link to next quiz in quiz playlist
You Got
0%
They Got
Avg Score
75%
Avg Friend Score
Upgrade to see
Score Distribution
Jump to the score distribution portion of the page
Score
0/38
Timer
12:00
0
Plays Today
Former Team Name(s)
Current Team Name
% Correct
Brooklyn Dodgers
Los Angeles Dodgers
89%
Boston Braves, Milwaukee Braves
Atlanta Braves
88.2%
Philadelphia Athletics, Kansas City Athletics
Oakland Athletics
87.8%
Boston Redskins
Washington Redskins
87%
Baltimore Colts
Indianapolis Colts
87%
New York Giants
San Francisco Giants
86.6%
Chicago Cardinals, St. Louis Cardinals
Arizona Cardinals
86.2%
Los Angeles Raiders
Oakland Raiders
86.2%
Los Angeles Rams
St. Louis Rams
85.8%
Detroit Gems, Minneapolis Lakers
Los Angeles Lakers
85.4%
Fort Wayne Pistons
Detroit Pistons
84.6%
Montreal Expos
Washington Nationals
83.7%
New Orleans Jazz
Utah Jazz
82.9%
Houston Oilers
Tennessee Titans
82.5%
San Diego Rockets
Houston Rockets
82.1%
Buffalo Braves, San Diego Clippers
Los Angeles Clippers
82.1%
Vancouver Grizzlies
Memphis Grizzlies
82.1%
Rochester Royals, Cincinnati Royals, Kansas City-
Omaha Kings, Kansas City Kings
Sacramento Kings
81.3%
New York Nets
New Jersey Nets
80.9%
Former Team Name(s)
Current Team Name
% Correct
Tri-
Cities Blackhawks, Milwaukee Hawks, St. Louis Hawks
Atlanta Hawks
80.1%
Seattle Supersonics
Oklahoma City Thunder
79.7%
Atlanta Flames
Calgary Flames
78.9%
Chicago Zephyrs, Baltimore Bullets
Washington Wizards
77.6%
Charlotte Hornets
New Orleans Hornets
77.2%
Cleveland Browns
Baltimore Ravens
75.6%
California Golden Seals, Oakland Seals, Cleveland Barons, Minnesota North Stars
Dallas Stars
74.8%
Hartford Whalers
Carolina Hurricanes
67.9%
Quebec Nordiques
Colorado Avalanche
66.7%
Washington Senators (1972)
Texas Rangers
66.3%
Washington Senators (1961)
Minnesota Twins
65.9%
Seattle Pilots
Milwaukee Brewers
63.4%
Winnipeg Jets
Phoenix Coyotes
61.8%
Decatur Staleys
Chicago Bears
56.9%
Milwaukee Brewers, St. Louis Browns
Baltimore Orioles
56.1%
Baltimore Orioles
New York Yankees
55.3%
Syracuse Nationals
Philadelphia 76ers
52%
Kansas City Scouts, Colorado Rockies
New Jersey Devils
48.8%
Portsmouth (Ohio) Spartans
Detroit Lions
48%
Quiz Playlist
Details
Report
Send in Message
Add To Playlist
Classic:
Type in answers that appear in a list
Forced Order:
Answers have to be entered in order
Last Updated: Feb 16, 2017
Quiz Scoreboard
CHALLENGE
Sign Up to Join the Scoreboard
Show All
Scores
Hide
Comments
May contain spoilers
Recently Published
Street Fighter Characters
by Artimus82
Gaming
60s
9x9 Crossword: Cartoon Network
by jackfrog10
Miscellaneous
3m
College Basketball Coaching Resumes
by pancakes188
Sports
9m
More to Explore
Quiz From the Vault
Featured Blog Post
Where Did the Easter Bunny Come From?
hide this ad
You Might Also Like...
Tags
America
America Sports
Former
League
major
Relocated
team
Today's Top Quizzes in Sports
Browse Sports
hide this ad
Today's Top Quizzes in team
Browse team
Top Contributed Quizzes in Sports
1
2022 World Cup Stars
2
Les meilleurs buteurs des matchs entre le PSG et l’OM
3
FIFA Club World Cup Champions
4
Les entraîneurs de l'OM et du PSG au 21e siècle
5
Criteria MLB: Left Handed Sluggers
6
2023 MLB Unique Player Accomplishments
7
AFC Teams Reveal (Wrong Answers Minefield)
8
5-to-1: FBS Animal Nicknames
9
Players with Multiple 50 Home Run Seasons
10
5-to-1: UK Sports Teams
Explore More
Trending Topics
NBA
Disney
Crossword
Kpop
Marvel
Anime
Harry Potter
The Office
WWE
Song
NFL
Soccer
Pokémon
Country
Puzzle
hide this ad
More By:
jishimsy
Quiz
Plays
Rating
Category
Featured
Created
Think Fast
20,078
3.24
Just For Fun
Mar 7, 2010
Top 10's in the NHL
6,022
4.11
Sports
Feb 15, 2010
NHL 1000+ points scorers
3,095
4.14
Sports
Dec 9, 2009
THN's Top NHL Player's per team 2000's
2,531
4.10
Sports
Jan 24, 2010
Big 4 Sports Top 10's
2,512
4.22
Sports
Feb 17, 2010
Go to Creator's Profile
Score Distribution
Quiz Creator Spotlight
jishimsy
Follow
Send a Message
Quizzes Created
-
Created Quiz Play Count
-
More By This Creator
Popular Quizzes Today
1
Find the US States - No Outlines Minefield
2
Find the Countries of Europe - No Outlines Minefield
3
The Countries of the World
4
Find the US States
5
Risky Map Clicking: Biggest States A-Z
6
US States
7
Popular People in 1961
8
Movies - When Are They Set?
More Sports Quizzes
2018 NBA All Star Game - Full Roster
Quiz Lab
Trending Quizzes
Risky Map Clicking: Least Populous States A-Z
Countries of the World: 200 Million BC
Billboard Blitz: Aretha Franklin
1-10 Letter G Words
Famous Russians: Author or Composer?
Recently Updated
Leaping Animals
pecheneg
Reality TV Shows (A-Z)
bhenderson79
Rickey Henderson's Hall of Fame Teammates
pecheneg
Champions League XIs: Arsenal
pecheneg
Quick Pick: Celebrities in WWE's Hall of Fame
aduchscher
A-Z Keypad Blitz II
pecheneg
Multiple Oscar Actors
pecheneg
Mystery Phrase Blitz: Oscar 'Best Actors'
pecheneg
F. Scott Fitzgerald Novels
LTH
Pick 3 Villains
ddd62291
Trending Topics
Harry Potter
Crossword
Anime
Disney
NBA
Kpop
Marvel
Puzzle
The Office
Pokémon
Song
Soccer
WWE
Country
NFL
Your Account Isn't Verified!
In order to create a playlist on Sporcle, you need to verify the email address you used during registration. Go to your
Sporcle Settings
to finish the process.
Report this User
Report this user for behavior that violates our
Community Guidelines
.
Details:
Send Report
Go to the Sporcle.com Mobile Site →
Comments